000 00787nam a2200253Ia 4500
003 OSt
005 20221005081417.0
006 a|||||r|||| 00| 0
007 ta
008 221004b |||||||| |||| 00| 0 eng d
024 _a23520
037 _cTextual
040 _aCRL
_cCRL
_beng
041 _2eng
_aeng
082 _aV4653:19465,(zQ), N4
110 _aRAJIV GANDHI INSTITUTE FOR CONTEMPORARY STUDIES
_9611031
245 0 _aIsrael - PLO peace accord and its implications for India
_b Proceedings
260 _aNew Delhi
_bRajiv Gandhi Foundation India
_c1994
300 _a78p.
_ccm.
650 _aHISTORY
700 _aRAJIV GANDHI INSTITUTE FOR CONTEMPORARY STUDIES
_9611032
942 _hV4653:19465,(zQ), N4
_cTEXL
_2cc
999 _c987648
_d987648